| 000 | 01424cam a22003857a 4500 | ||
|---|---|---|---|
| 003 | CHAP | ||
| 005 | 20220329142801.0 | ||
| 008 | 030923s2003 mx ad r 00010 spa d | ||
| 010 | _a87726 | ||
| 011 | _a88698 | ||
| 035 | _a99243 | ||
| 040 | _cCHAP | ||
| 090 | _aTesis | ||
| 100 | 0 | 0 |
_aAlberto Rosas, Ignacia. _93484 |
| 245 | 1 | 0 |
_aCrecimiento y nutrición de iris amarillo mexicano (Iris pseudacorus L.) _c/por Ignacia Alberto Rosas y Adriana S. de Felipe Teodoro |
| 260 |
_aChapingo, Méx. : _bEl autor, _c2003 |
||
| 300 |
_a54 h. : _bilus. ; gráfs. ; cuadros |
||
| 502 | _aTesis (Ing. Agr. Esp. en Fitotecnia) -- UACH. Departamento de Fitotecnia | ||
| 530 | _aTambién disponible en línea | ||
| 590 |
_aALEPH _b10 _c20130110 _lUCH01 _h1455 |
||
| 590 |
_aBATCH-UPD _b10 _c20130110 _lUCH01 _h0715 |
||
| 590 |
_aBATCH-UPD _b10 _c20140324 _lUCH01 _h1441 |
||
| 590 |
_aBATCH-UPD _b10 _c20141002 _lUCH01 _h0819 |
||
| 590 |
_aBATCH _b00 _c20181121 _lUCH01 _h0758 |
||
| 590 |
_aCONVERSION _b10 _c20130109 _lUCH01 _h1349 |
||
| 650 | 1 | 4 |
_aIris. _960356 |
| 700 | 0 |
_aFelipe Teodoro, Adriana S. de. _939999 |
|
| 856 |
_3Finding aid _uhttp://10.13.5.2/tesis/99243.pdf _zTeclea aqui |
||
| 856 |
_a1 _n0000172 |
||
| 901 | _aBK | ||
| 905 | _aMarco A. Mendoza T. | ||
| 942 | _cFOLL | ||
| 949 |
_aTesis _bBC _cTES _d33724000896866 _eTS2 _fc.2 _gDonaciØn _h41374 _i99243 _si |
||
| 949 |
_aTesis _bBC _cTES _d992431 _eTS1 _gDonaciØn _h41373 _i99243 _sb |
||
| 999 |
_c87726 _d87726 |
||